00629nam a2200181 a 450000100100000000500170001000800410002702000150006804000250008308200150010810000380012324500360016126000370019730000200023450000620025495201140031699900170043000003645720200930075736.0120118s1975 sp 000 0 spa d a8432202827 aDO-SdBNPbspacBNPHU axxxbC117o1 aCabrera Infante, Guillermo94786710aO /cGuillermo Cabrera Infante. aBarcelona :bSeix Barral,c1975. a196 p ;c21 cm. aIncluye datos biográficos del autor en la contraportada 0010507-18MOaGRbGRcOId2012-01-18iLF1l0oxxx C117op36458-10r2020-06-25w2020-06-25y1ZNo se presta c35948d35948